| 000 | nam a22 a 4500 | ||
|---|---|---|---|
| 999 |
_c92 _d92 |
||
| 005 | 20170417120746.0 | ||
| 008 | 170417t1998 -uk||||| |||| 00| 0 eng d | ||
| 020 | _a9041107509 (hardback) | ||
| 040 | _aAKMAL | ||
| 082 | _a343.4055 TER | ||
| 090 |
_a343.4055 _bTER |
||
| 100 | 1 | 0 |
_aTerra, Ben. _9239 |
| 245 | 1 | 4 |
_aThe place of supply in European VAT / _cBen Terra. |
| 260 |
_aLondon : _bKluwer Law International, _c1998. |
||
| 300 |
_axi, 305pages. ; _c25cm |
||
| 500 | _aIncludes index. | ||
| 650 | 0 | 0 |
_2Value-added tax _xLaw and legislation | _zEuropean Union countries. _9240 |
| 942 |
_2ddc _cBOOK |
||
| 950 | _lAKMAL | ||